000 00232nam a2200097Ia 4500
008 240625s9999 xx 000 0 und d
041 _aeng
082 _a808.20 ARO
100 _aARORA SONIA
245 _aTRAINING AND DEVELOPMENT PROCESS
999 _c37387
_d37387